Madame Guyon et Marie-Madeleine: une figure mystique au coeur du Nouveau Testament
| Main Author: | |
|---|---|
| Format: | Print Article |
| Language: | French |
| Check availability: | HBZ Gateway |
| Interlibrary Loan: | Interlibrary Loan for the Fachinformationsdienste (Specialized Information Services in Germany) |
| Published: |
2006
|
| In: |
Foi & vie
Year: 2006, Volume: 105, Issue: 4, Pages: 27-42 |
| Standardized Subjects / Keyword chains: | B
Guyon, Jeanne Marie Bouvier de la Motte 1648-1717
/ Mary Magdalen
|
| IxTheo Classification: | CB Christian life; spirituality HC New Testament KAH Church history 1648-1913; modern history KBG France |
| Parallel Edition: | Electronic
|
MARC
| LEADER | 00000caa a22000002c 4500 | ||
|---|---|---|---|
| 001 | 1645148556 | ||
| 003 | DE-627 | ||
| 005 | 20220616121417.0 | ||
| 007 | tu | ||
| 008 | 160405s2006 xx ||||| 00| ||fre c | ||
| 035 | |a (DE-627)1645148556 | ||
| 035 | |a (DE-576)466185162 | ||
| 035 | |a (DE-599)BSZ466185162 | ||
| 040 | |a DE-627 |b ger |c DE-627 |e rakwb | ||
| 041 | |a fre | ||
| 084 | |a 1 |2 ssgn | ||
| 100 | 1 | |a Cornuz, Michel |4 aut | |
| 245 | 1 | 0 | |a Madame Guyon et Marie-Madeleine |b une figure mystique au coeur du Nouveau Testament |
| 264 | 1 | |c 2006 | |
| 336 | |a Text |b txt |2 rdacontent | ||
| 337 | |a ohne Hilfsmittel zu benutzen |b n |2 rdamedia | ||
| 338 | |a Band |b nc |2 rdacarrier | ||
| 652 | |a CB:HC:KAH:KBG | ||
| 689 | 0 | 0 | |d p |0 (DE-588)11854389X |0 (DE-627)079342531 |0 (DE-576)161248454 |2 gnd |a Guyon, Jeanne Marie Bouvier de la Motte |d 1648-1717 |
| 689 | 0 | 1 | |d p |0 (DE-588)118577840 |0 (DE-627)079372597 |0 (DE-576)209024895 |2 gnd |a Maria Magdalena |c Heilige, Biblische Person |
| 689 | 0 | |5 (DE-627) | |
| 773 | 0 | 8 | |i In |t Foi & vie |d Paris : [Verlag nicht ermittelbar], 1898 |g 105(2006), 4, Seite 27-42 |w (DE-627)166756849 |w (DE-600)301992-5 |w (DE-576)01519387X |x 0015-5357 |7 nnas |
| 773 | 1 | 8 | |g volume:105 |g year:2006 |g number:4 |g pages:27-42 |
| 776 | |i Erscheint auch als |n elektronische Ausgabe |w (DE-627)1937687945 |k Electronic | ||
| 935 | |a mteo | ||
| 951 | |a AR | ||
| BIB | |a 1 | ||
| ELC | |b 1 | ||
| ITA | |a 1 |t 1 | ||
| LOK | |0 000 xxxxxcx a22 zn 4500 | ||
| LOK | |0 001 3312949211 | ||
| LOK | |0 003 DE-627 | ||
| LOK | |0 004 1645148556 | ||
| LOK | |0 005 20160405141410 | ||
| LOK | |0 008 160404||||||||||||||||ger||||||| | ||
| LOK | |0 040 |a DE-Tue135 |c DE-627 |d DE-Tue135 | ||
| LOK | |0 092 |o n | ||
| LOK | |0 852 |a DE-Tue135 | ||
| LOK | |0 852 1 |9 00 | ||
| LOK | |0 935 |a ixzs |a ixmi | ||
| LOK | |0 936ln |0 1442044985 |a KBG | ||
| LOK | |0 936ln |0 1442043768 |a CB | ||
| LOK | |0 936ln |0 1442044136 |a HC | ||
| LOK | |0 936ln |0 1442044624 |a KAH | ||
| LOK | |0 939 |a 04-04-16 |b l01 | ||
| ORI | |a SA-MARC-ixtheoa001.raw | ||
| SUB | |a BIB | ||
| SYG | 0 | 0 | |a Bouvier de la Motte, Jeanne Marie Guyon,1648-1717,Bouvier de LaMothe-Guion, Jeanne M.,1648-1717,Motte Guyon, Jeanne Marie Bouvier de la,1648-1717,Mothe-Guion, Jeanne M. de la,1648-1717,Guyon, Jeanne Marie Bouviere de la Motte,1648-1717,Guyon, Jeanne Marie Bouvières de la Motte,1648-1717,Guyon, Jeanne Marie Bouvier de la Mothe,1648-1717,Du Chesnoy, Jeanne-Marie Guyon,1648-1717,Guyon du Chesnoy, Jeanne-Marie,1648-1717,Guion, Jeanne Marie,1648-1717,Guion, J. M. B. de la Mothe,1648-1717,La Mothe Guion, J. M. B.,1648-1717,Bouvier de la Mothe, Jeanne Marie,1648-1717,La Mothe Guion, Jeanne Marie de,1648-1717,La Mothe-Guyon, Jeanne Marie de,1648-1717,Bouviere de la Motte Guyon, Jeanne Marie,1648-1717,Bouvières de la Motte Guyon, Jeanne Marie,1648-1717,Bouvier de la Mothe Guyon, Jeanne Marie,1648-1717,Guion, Jeanne,1648-1717,Guyon, Jeanne,1648-1717,La Mot-Gion, ... de,1648-1717,Guyon du Chesnoy, Jeanne Marie,1648-1717,Bouvier de la Motte, Jeanne Marie,1648-1717,Bouvières de la Motte Guyon, Jeanne-Marie,1648-1717,Guyon, J. M. B. de LaMothe,1648-1717,La Mothe Guyon, J. M. B. de,1648-1717,La Motte Guyon, Jeanne Marie Bouvières de,1648-1717,La Mothe Guyon, Jeanne-Marie Bouvières de,1648-1717,Guyon, Jeanne Marie Bouvier de LaMotte,1648-1717,La Motte Guyon, Jeanne Marie Bouvier de,1648-1717,Guyon, Jeanne-Marie Bouvier de la Motte,1648-1717,Chesnoy, Jeanne-Marie Guyon du,1648-1717,Guyon, Jeanne-Marie,1648-1717,Guyon, Jeanne-Marie Bouvières de LaMotte,1648-1717,Motte Guyon, Jeanne-Marie Bouvières de la,1648-1717,Guyon,Madame,1648-1717,Guyon, Jeanne Marie de la Motte,1648-1717,Guyon du Chesnoy, Jeanne-Marie Bouvier de la Motte,1648-1717,La Motte Guyon, Jeanne-Marie Bouvières de,1648-1717,Bouvier de La Motte Guyon, Jeanne Marie,1648-1717,Motte Guyon, Jeanne Marie Bouvier de La,1648-1717,De La Motte Guyon, Jeanne Marie Bouvier,1648-1717,La Mothe-Guion, Jeanne-Marie Bouvières de,1648-1717,Bouvières de LaMotte, Jeanne-Marie,1648-1717,La Mothe-Guyon,Madame,1648-1717,LaMotte Guyon, Jeanne-Marie Bouvières de,1648-1717,La Motte Guyon, Jeanne-Marie Bouvier de,1648-1717,Guyon, Jeanne Marie Bouviere de la Mothe,1648-1717,Guyon, Johanna Maria Bouviere von la Mothe,1648-1717 , Maria,von Magdala, Heilige, Biblische Person,Maria,aus Magdala, Heilige, Biblische Person |